Jonáš / biblickým textem provází Pavel Hošek
Record details
- ISBN: 978-80-87282-96-0
- Physical Description: 67 stran : ilustrace ; 18 cm
- Publisher: Praha : Biblion, 2023
Content descriptions
| General Note: | "Biblický text je převzat z Bible, překladu 21. století"--Rub titulní stránky Částečně přeloženo z hebrejštiny? |
Search for related items by subject
| Genre: | náboženské příběhy komentáře religious stories commentaries |
Search for related items by series
Available copies
- 1 of 1 copy available at Common Catalog SPOK.
Holds
- 0 current holds with 1 total copy.
Show Only Available Copies
| Location | Call Number / Copy Notes | Barcode | Shelving Location | Status | Due Date |
|---|---|---|---|---|---|
| The Jewish community of Prague | J 2189 | 4638301682 | J - Judaika | Available | - |
| LDR | 02779cam a2200781 i 4500 | ||
|---|---|---|---|
| 001 | 53622 | ||
| 003 | CZ-PrJAB | ||
| 005 | 20230523101914.0 | ||
| 007 | ta | ||
| 008 | 230215s2023 xr a e 000 jdcze d | ||
| 015 | . | ‡acnb003503501 | |
| 020 | . | ‡a978-80-87282-96-0 ‡q(brožováno) : ‡cKč 249.00 | |
| 035 | . | ‡a(CZ PrSKC)nkc20233503501 | |
| 040 | . | ‡aKLG001 ‡bcze ‡dBOA001 ‡erda | |
| 041 | 1 | . | ‡acze ‡hheb |
| 072 | 7. | ‡a2-23/-27 ‡xBible. Biblistika ‡2Konspekt ‡95 | |
| 080 | . | ‡a27-244 ‡2MRF | |
| 080 | . | ‡a27-236.5 ‡2MRF | |
| 080 | . | ‡a27-236 ‡2MRF | |
| 080 | . | ‡a2-474-256-277 ‡2MRF | |
| 080 | . | ‡a(0:82-322.2) ‡2MRF | |
| 080 | . | ‡a(0.072) ‡2MRF | |
| 100 | 1 | . | ‡aHošek, Pavel, ‡d1973- ‡7xx0022780 ‡4cwt |
| 245 | 1 | 0. | ‡aJonáš / ‡cbiblickým textem provází Pavel Hošek |
| 264 | 1. | ‡aPraha : ‡bBiblion, ‡c2023 | |
| 300 | . | ‡a67 stran : ‡bilustrace ; ‡c18 cm | |
| 336 | . | ‡atext ‡btxt ‡2rdacontent | |
| 337 | . | ‡abez média ‡bn ‡2rdamedia | |
| 338 | . | ‡asvazek ‡bnc ‡2rdacarrier | |
| 490 | 1 | . | ‡aDennodenně ; ‡vsvazek 3 |
| 500 | . | ‡a"Biblický text je převzat z Bible, překladu 21. století"--Rub titulní stránky | |
| 500 | . | ‡aČástečně přeloženo z hebrejštiny? | |
| 600 | 0 | 7. | ‡aJonáš, ‡cprorok ‡7ola2002113709 ‡2czenas |
| 600 | 0 | 9. | ‡aJonah (Biblical prophet) ‡2eczenas |
| 630 | 0 | 7. | ‡aBible. ‡pJonáš ‡7unn2006374733 ‡2czenas |
| 630 | 0 | 9. | ‡aBible. ‡pJonah ‡2eczenas |
| 650 | 0 | 7. | ‡astarozákonní proroci ‡7ph126039 ‡2czenas |
| 650 | 0 | 7. | ‡abiblické události ‡7ph138437 ‡2czenas |
| 650 | 0 | 7. | ‡abiblické příběhy ‡7ph118858 ‡2czenas |
| 650 | 0 | 7. | ‡abiblické parafráze ‡7ph138436 ‡2czenas |
| 650 | 0 | 7. | ‡abiblická interpretace ‡7ph118847 ‡2czenas |
| 650 | 0 | 9. | ‡aOld Testament prophets ‡2eczenas |
| 650 | 0 | 9. | ‡aBiblical events ‡2eczenas |
| 650 | 0 | 9. | ‡aBible stories ‡2eczenas |
| 650 | 0 | 9. | ‡aBiblical paraphrases ‡2eczenas |
| 650 | 0 | 9. | ‡aBiblical interpretation ‡2eczenas |
| 655 | 7. | ‡anáboženské příběhy ‡7fd653708 ‡2czenas | |
| 655 | 7. | ‡akomentáře ‡7fd132578 ‡2czenas | |
| 655 | 9. | ‡areligious stories ‡2eczenas | |
| 655 | 9. | ‡acommentaries ‡2eczenas | |
| 730 | 0 | 2. | ‡aBible. ‡pJonáš. ‡lČesky ‡7unn2009540842 |
| 830 | 0. | ‡aDennodenně | |
| 910 | . | ‡aABE461 ‡bJ 2189 | |
| 995 | . | ‡aska | |
| 901 | . | ‡a53622 ‡bAUTOGEN ‡c53622 ‡tbiblio | |